[Event "KAZ Cup Final (Women)"]
[Site "Almaty"]
[Date "2023.12.03"]
[Round "3.2"]
[White "Nurmanova, Alua"]
[Black "Iljushina, Olga"]
[Result "1-0"]
[WhiteElo "2367"]
[BlackElo "2015"]
[PlyCount "105"]
[EventDate "2023.11.28"]
[EventType "k.o."]
[EventRounds "4"]
[EventCountry "KAZ"]
[SourceTitle "CB49_2023"]
[SourceDate "2023.12.06"]
[SourceVersion "1"]
[SourceVersionDate "2023.12.06"]
[SourceQuality "1"]

1. e4 c5 2. Nf3 Nc6 3. Nc3 g6 4. d4 cxd4 5. Nxd4 Bg7 6. Be3 Nf6 7. Nxc6 bxc6 8. e5 Nd5 9. Nxd5 cxd5 10. Qxd5 Rb8 11. 0-0-0 Qc7 12. f4 0-0 13. Bd4 Bh6 14. Qf3 Bb7 15. Qe3 Rfc8 16. Rd2 Qa5 17. a3 Bd5 18. h4 Rb3 19. Qf2 Be4 20. Kd1 Rb7 21. Bd3 Bxd3 22. Rxd3 Rbc7 23. Rd2 Qa4 24. Rf1 Qc4 25. b3 Qa6 26. a4 e6 27. g4 Rf8 28. Qf3 Rc6 29. Rdf2 d6 30. Qe2 Qc8 31. Kc1 Bg7 32. Qe3 dxe5 33. fxe5 a5 34. h5 Qc7 35. Kb1 Qd7 36. Qe4 Qd5 37. Qe3 Rc7 38. h6 Bh8 39. Bb2 Rd8 40. Re2 Qc5 41. Qf4 Rd5 42. Ka2 Qb6 43. Rd2 Qc6 44. Rff2 Rcd7 45. c4 Rxd2 46. Rxd2 Qc7 47. Rxd7 Qxd7 48. g5 Qd3 49. Qd4 Qxd4 50. Bxd4 Kf8 51. b4 Ke7 52. b5 Kd7 53. c5 1-0

[Event "KAZ Cup Final (Women)"]
[Site "Almaty"]
[Date "2023.12.02"]
[Round "3.1"]
[White "Iljushina, Olga"]
[Black "Nurmanova, Alua"]
[Result "1/2-1/2"]
[WhiteElo "2015"]
[BlackElo "2367"]
[PlyCount "35"]
[EventDate "2023.11.28"]
[EventType "k.o."]
[EventRounds "4"]
[EventCountry "KAZ"]
[SourceTitle "CB49_2023"]
[SourceDate "2023.12.06"]
[SourceVersion "1"]
[SourceVersionDate "2023.12.06"]
[SourceQuality "1"]

1. d4 Nf6 2. c4 g6 3. Nc3 Bg7 4. e4 d6 5. h3 0-0 6. Bg5 h6 7. Be3 e5 8. d5 Na6 9. Bd3 Nc5 10. Bc2 a5 11. Qd2 Kh7 12. g4 Nfd7 13. a4 Na6 14. h4 Nb4 15. h5 g5 16. Nge2 c6 17. f3 c5 18. Qd1 1/2-1/2

[Event "Tuapse op"]
[Site "Tuapse"]
[Date "2022.06.21"]
[Round "5"]
[White "Den, Dmitrij"]
[Black "Iljushina, Olga"]
[Result "1-0"]
[WhiteElo "2166"]
[BlackElo "2050"]
[PlyCount "147"]
[EventDate "2022.06.17"]
[EventType "swiss"]
[EventRounds "9"]
[EventCountry "RUS"]
[SourceTitle "CBM 209 Extra"]
[Source "ChessBase"]
[SourceDate "2022.09.30"]
[SourceVersion "1"]
[SourceVersionDate "2022.09.30"]
[SourceQuality "1"]

1. e4 c5 2. Nf3 Nc6 3. Bb5 g6 4. 0-0 Bg7 5. Re1 e5 6. b4 cxb4 7. a3 Nge7 8. axb4 0-0 9. Bxc6 dxc6 10. d3 f5 11. Bb2 fxe4 12. dxe4 Qc7 13. Nbd2 Be6 14. Ra5 b5 15. Qa1 Rfd8 16. Ng5 Rxd2 17. Nxe6 Qb6 18. Rf1 c5 19. Nxg7 Kxg7 20. Bxe5+ Kf7 21. Ra6 Qb7 22. Rf6+ Ke8 23. Qc3 Rad8 24. Qf3 cxb4 25. Rf8+ Kd7 26. Qh3+ Kc6 27. Rf6+ Kc5 28. Qe3+ Kc4 29. Qb3+ Kc5 30. c3 Qxe4 31. cxb4+ Qxb4 32. Rc1+ Qc4 33. Qa3+ Kd5 34. Rd6+ Kxe5 35. Rxd2 Rxd2 36. Qe3+ Kd6 37. Qxd2+ Qd5 38. Qf4+ Ke6 39. Qe3+ Kd6 40. Qa3+ Kd7 41. Qxa7+ Ke8 42. Re1 Qd6 43. h3 b4 44. Qb7 Kf8 45. Rb1 Nc6 46. Qxh7 b3 47. Qh8+ Kf7 48. Qc3 Nd4 49. Kh1 Qb6 50. Rd1 Ne6 51. Qe5 Ke7 52. Re1 b2 53. Rb1 Qxf2 54. Qxb2 Qf5 55. Re1 Kf7 56. Qb7+ Kf6 57. Qd7 g5 58. Qd6 Kf7 59. Kg1 Qc5+ 60. Qxc5 Nxc5 61. Re5 Ne6 62. Ra5 Kf6 63. Kf2 Nf4 64. Kf3 Nd3 65. Kg4 Nf2+ 66. Kh5 Ne4 67. Ra4 Nc5 68. Rc4 Nd3 69. Rc6+ Kf5 70. g4+ Kf4 71. Rc4+ Ke5 72. Kxg5 Nf2 73. h4 Nh3+ 74. Kg6 1-0

[Event "Titled Tuesday intern op 08th Feb Early"]
[Site "Chess.com INT"]
[Date "2022.02.08"]
[Round "10"]
[White "Bifulco, Michel"]
[Black "Iljushina, Olga"]
[Result "1-0"]
[WhiteElo "2274"]
[BlackElo "2054"]
[PlyCount "77"]
[EventDate "2022.02.08"]
[EventType "swiss (blitz)"]
[EventRounds "11"]
[EventCountry "USA"]
[SourceTitle "CBM 206 Extra"]
[Source "ChessBase"]
[SourceDate "2022.03.31"]
[SourceVersion "1"]
[SourceVersionDate "2022.03.31"]
[SourceQuality "1"]

1. d4 Nf6 2. Nc3 e6 3. Bf4 c6 4. e3 d5 5. a3 Bd6 6. Nf3 0-0 7. Ne5 b6 8. g4 Bb7 9. g5 Ne8 10. Bd3 Bxe5 11. Bxe5 Qxg5 12. Qf3 f5 13. 0-0-0 Nd7 14. Rdg1 Qh6 15. Bf4 Qf6 16. Rg3 c5 17. Rhg1 c4 18. Be2 Bc6 19. Qh5 Qf7 20. Qh3 Ndf6 21. Be5 b5 22. Qg2 a5 23. h4 b4 24. Nd1 bxa3 25. bxa3 Qe7 26. Kd2 Rf7 27. f3 Ra7 28. h5 Nxh5 29. Rh3 Nef6 30. Qg5 Qxa3 31. Rxh5 Nxh5 32. Qxh5 Qb4+ 33. Nc3 a4 34. Rh1 g6 35. Qxg6+ Kf8 36. Qxe6 Rfe7 37. Bd6 Qa5 38. Rxh7 Qd8 39. Qf7# 1-0

[Event "Titled Tuesday intern op 08th Feb Early"]
[Site "Chess.com INT"]
[Date "2022.02.08"]
[Round "4"]
[White "Iljushina, Olga"]
[Black "Marcziter, Dmitrii"]
[Result "0-1"]
[WhiteElo "2054"]
[BlackElo "2240"]
[PlyCount "114"]
[EventDate "2022.02.08"]
[EventType "swiss (blitz)"]
[EventRounds "11"]
[EventCountry "USA"]
[SourceTitle "CBM 206 Extra"]
[Source "ChessBase"]
[SourceDate "2022.03.31"]
[SourceVersion "1"]
[SourceVersionDate "2022.03.31"]
[SourceQuality "1"]

1. d4 d5 2. c4 e6 3. Nc3 c5 4. cxd5 exd5 5. Nf3 Nc6 6. g3 Nf6 7. Bg2 Be7 8. 0-0 0-0 9. a3 Ne4 10. Be3 Nxc3 11. bxc3 c4 12. Qd2 Bf5 13. Bg5 f6 14. Bf4 b5 15. Nh4 Be6 16. Nf3 Na5 17. Qc2 Nb3 18. Ra2 Qd7 19. e4 dxe4 20. Qxe4 Bd5 21. Ne5 Bxe4 22. Nxd7 Bxg2 23. Kxg2 Rfd8 24. Nc5 Nxc5 25. dxc5 Bxc5 26. a4 b4 27. cxb4 Bxb4 28. Rb2 a5 29. Rc2 Rac8 30. Rfc1 c3 31. h4 h5 32. Be3 Rc4 33. Bb6 Rd6 34. Be3 Rd3 35. Bb6 Rd2 36. Kf3 Kf7 37. Ke3 Rd6 38. Ba7 Ke6 39. f3 Rd5 40. Ke2 g5 41. hxg5 fxg5 42. Kf2 h4 43. gxh4 Rxh4 44. Kg3 Bd6+ 45. Kf2 Be5 46. Rxc3 Bxc3 47. Rxc3 Rxa4 48. Kg3 Kf5 49. Rc8 Ra3 50. Rf8+ Kg6 51. Rg8+ Kf6 52. Rf8+ Kg7 53. Re8 Rf5 54. Be3 Kf7 55. Re4 a4 56. Kg4 Kg6 57. Re6+ Rf6 0-1

[Event "Titled Tuesday intern op 08th Feb Early"]
[Site "Chess.com INT"]
[Date "2022.02.08"]
[Round "11"]
[White "Iljushina, Olga"]
[Black "Sarkar, Justin"]
[Result "1-0"]
[WhiteElo "2054"]
[BlackElo "2314"]
[PlyCount "75"]
[EventDate "2022.02.08"]
[EventType "swiss (blitz)"]
[EventRounds "11"]
[EventCountry "USA"]
[SourceTitle "CBM 206 Extra"]
[Source "ChessBase"]
[SourceDate "2022.03.31"]
[SourceVersion "1"]
[SourceVersionDate "2022.03.31"]
[SourceQuality "1"]

1. d4 Nf6 2. c4 e6 3. Nc3 Bb4 4. Nf3 b6 5. Bg5 Bb7 6. e3 h6 7. Bh4 g5 8. Bg3 Ne4 9. Qc2 f5 10. Bd3 Bxc3+ 11. bxc3 d6 12. 0-0-0 h5 13. h4 g4 14. Ne1 Nxg3 15. fxg3 Nd7 16. e4 fxe4 17. Bxe4 Bxe4 18. Qxe4 Ke7 19. Nd3 Nf6 20. Qe3 Qd7 21. Nf4 Rag8 22. Rde1 Kd8 23. Nxe6+ Kc8 24. Ng5 Re8 25. Qf4 Rxe1+ 26. Rxe1 Rf8 27. Qe3 Re8 28. Qf2 Rxe1+ 29. Qxe1 Qf5 30. Qe6+ Qxe6 31. Nxe6 Kd7 32. Nf4 c6 33. Kd2 Ke7 34. Kd3 Kf7 35. a4 Ke7 36. Ke3 Kf7 37. Nd3 Ke6 38. Kf4 1-0

[Event "Titled Tuesday intern op 08th Feb Early"]
[Site "Chess.com INT"]
[Date "2022.02.08"]
[Round "3"]
[White "Kaasen, Tor Fredrik"]
[Black "Iljushina, Olga"]
[Result "1-0"]
[WhiteElo "2458"]
[BlackElo "2054"]
[PlyCount "65"]
[EventDate "2022.02.08"]
[EventType "swiss (blitz)"]
[EventRounds "11"]
[EventCountry "USA"]
[SourceTitle "CBM 206 Extra"]
[Source "ChessBase"]
[SourceDate "2022.03.31"]
[SourceVersion "1"]
[SourceVersionDate "2022.03.31"]
[SourceQuality "1"]

1. e4 e5 2. Nf3 Nc6 3. Bb5 a6 4. Ba4 Nf6 5. 0-0 Be7 6. Re1 b5 7. Bb3 0-0 8. a4 b4 9. d3 d6 10. Nbd2 Be6 11. a5 Nd4 12. Nxd4 exd4 13. e5 Bxb3 14. exf6 Bxf6 15. Nxb3 c5 16. Nd2 d5 17. Nf3 Qd6 18. Bg5 Bxg5 19. Nxg5 Qf4 20. Qh5 h6 21. Nf3 Rad8 22. Re7 Qd6 23. Rae1 Qf4 24. g3 Qf6 25. Kg2 Kh7 26. Rc7 g6 27. Qg4 Qd6 28. Ree7 Kg7 29. Ne5 Qf6 30. Rxf7+ Rxf7 31. Rxf7+ Qxf7 32. Nxf7 Kxf7 33. Qf4+ 1-0

[Event "Titled Tuesday intern op 08th Feb Early"]
[Site "Chess.com INT"]
[Date "2022.02.08"]
[Round "7"]
[White "Karavaeva, Olga"]
[Black "Iljushina, Olga"]
[Result "1-0"]
[WhiteElo "2260"]
[BlackElo "2054"]
[PlyCount "113"]
[EventDate "2022.02.08"]
[EventType "swiss (blitz)"]
[EventRounds "11"]
[EventCountry "USA"]
[SourceTitle "CBM 206 Extra"]
[Source "ChessBase"]
[SourceDate "2022.03.31"]
[SourceVersion "1"]
[SourceVersionDate "2022.03.31"]
[SourceQuality "1"]

1. c4 c5 2. Nc3 Nc6 3. g3 g6 4. Bg2 Bg7 5. Nf3 e5 6. 0-0 e4 7. Nxe4 d5 8. cxd5 Qxd5 9. Nc3 Qd8 10. d3 Nge7 11. Be3 b6 12. Qd2 0-0 13. Bh6 Bf5 14. Bxg7 Kxg7 15. Rfd1 Rc8 16. d4 cxd4 17. Nxd4 Nxd4 18. Qxd4+ Qxd4 19. Rxd4 Nc6 20. Rd6 Nb4 21. Rad1 Rfe8 22. e4 Be6 23. a3 Nc6 24. f4 Na5 25. Bf1 Bb3 26. R1d4 Re7 27. Rd7 Rc7 28. Rxc7 Rxc7 29. e5 Bc4 30. Bg2 Ba6 31. Bd5 Rd7 32. Ra4 Bd3 33. e6 fxe6 34. Bxe6 Rd6 35. Bc8 Bc2 36. Rb4 Rd2 37. h4 Nc6 38. Rc4 Nd4 39. Bb7 Bb3 40. Rc7+ Kh6 41. Ne4 Rxb2 42. Ng5 Bg8 43. g4 Rb3 44. Bd5 Rg3+ 45. Kh2 Rxg4 46. Bxg8 Rxh4+ 47. Nh3 Kh5 48. Rxh7+ Kg4 49. Rxh4+ Kxh4 50. Kg2 Kg4 51. Bc4 b5 52. Bd3 Kh4 53. Nf2 Nf5 54. Ne4 Ne3+ 55. Kf3 Nd5 56. Nd6 Nc3 57. Bxg6 1-0

[Event "Titled Tuesday intern op 25th Jan"]
[Site "Chess.com INT"]
[Date "2022.01.25"]
[Round "8"]
[White "Quirke, Jeffrey"]
[Black "Iljushina, Olga"]
[Result "1-0"]
[WhiteElo "2086"]
[BlackElo "2054"]
[PlyCount "83"]
[EventDate "2022.01.25"]
[EventType "swiss (blitz)"]
[EventRounds "11"]
[EventCountry "USA"]
[SourceTitle "CBM 206 Extra"]
[Source "ChessBase"]
[SourceDate "2022.03.31"]
[SourceVersion "1"]
[SourceVersionDate "2022.03.31"]
[SourceQuality "1"]

1. d4 d5 2. c4 e6 3. Nc3 Nf6 4. cxd5 exd5 5. Bg5 c6 6. e3 h6 7. Bh4 g5 8. Bg3 Bd6 9. Bd3 Bg4 10. Qb3 b6 11. Nf3 0-0 12. Bxd6 Qxd6 13. h4 Bxf3 14. gxf3 Kg7 15. hxg5 hxg5 16. 0-0-0 Nbd7 17. Rdg1 g4 18. Ne2 Rh8 19. Nf4 Rxh1 20. Rxh1 Rh8 21. Rxh8 Kxh8 22. Qd1 c5 23. fxg4 cxd4 24. g5 dxe3 25. fxe3 Qc5+ 26. Kb1 Ne5 27. gxf6 Nxd3 28. Qxd3 Qd6 29. Qxd5 Qxf6 30. Qh5+ Kg8 31. Qg4+ Kf8 32. Nd5 Qf1+ 33. Kc2 Qf2+ 34. Kc3 Qe1+ 35. Kb3 a5 36. Qc8+ Kg7 37. Qg4+ Kf8 38. Qe4 b5 39. a3 a4+ 40. Ka2 Kg7 41. Qe5+ Kf8 42. Nf6 1-0

[Event "Titled Tuesday intern op 18th Jan"]
[Site "Chess.com INT"]
[Date "2022.01.18"]
[Round "10"]
[White "Chernov, Mikhail"]
[Black "Iljushina, Olga"]
[Result "1-0"]
[WhiteElo "2213"]
[BlackElo "2054"]
[PlyCount "53"]
[EventDate "2022.01.18"]
[EventType "swiss (blitz)"]
[EventRounds "11"]
[EventCountry "USA"]
[SourceTitle "CBM 206 Extra"]
[Source "ChessBase"]
[SourceDate "2022.03.31"]
[SourceVersion "1"]
[SourceVersionDate "2022.03.31"]
[SourceQuality "1"]

1. e4 c5 2. Nf3 Nc6 3. d4 cxd4 4. Nxd4 Nf6 5. Nc3 d6 6. Bc4 e5 7. Nde2 Be6 8. Bb3 Be7 9. 0-0 0-0 10. Kh1 Na5 11. f4 Nxb3 12. axb3 exf4 13. Bxf4 a6 14. Qd4 Qc7 15. Rad1 Rfd8 16. Bg5 Qc5 17. Qd2 b5 18. Ng3 b4 19. Nd5 Bxd5 20. exd5 Rac8 21. Nf5 Bf8 22. Nh6+ gxh6 23. Bxf6 Re8 24. Rf3 Re5 25. Rg3+ Rg5 26. Rxg5+ hxg5 27. Qxg5+ 1-0

[Event "Titled Tuesday intern op 18th Jan"]
[Site "Chess.com INT"]
[Date "2022.01.18"]
[Round "5"]
[White "Iljushina, Olga"]
[Black "Kislov, Oleg"]
[Result "1-0"]
[WhiteElo "2054"]
[BlackElo "2249"]
[PlyCount "70"]
[EventDate "2022.01.18"]
[EventType "swiss (blitz)"]
[EventRounds "11"]
[EventCountry "USA"]
[SourceTitle "CBM 206 Extra"]
[Source "ChessBase"]
[SourceDate "2022.03.31"]
[SourceVersion "1"]
[SourceVersionDate "2022.03.31"]
[SourceQuality "1"]

1. d4 Nf6 2. c4 e6 3. Nc3 Bb4 4. Nf3 d5 5. cxd5 exd5 6. Bg5 h6 7. Bxf6 Qxf6 8. e3 c6 9. Bd3 0-0 10. 0-0 Bg4 11. Rc1 Nd7 12. h3 Bh5 13. Be2 Bd6 14. Na4 Qe7 15. a3 Nf6 16. b4 Ne4 17. Nc5 f5 18. Nd2 Bxe2 19. Qxe2 Rae8 20. Ndxe4 fxe4 21. b5 b6 22. Nb3 c5 23. dxc5 bxc5 24. a4 Qe5 25. g3 Rf3 26. Nxc5 Qh5 27. Kh2 Ref8 28. Ne6 R8f5 29. Nd4 Rxg3 30. fxg3 Bxg3+ 31. Kxg3 Rg5+ 32. Kh2 Qh4 33. Rg1 Rh5 34. Rg3 Qf6 35. Rcg1 g5 1-0

[Event "Titled Tuesday intern op 18th Jan"]
[Site "Chess.com INT"]
[Date "2022.01.18"]
[Round "7"]
[White "Yuan, Qingyu"]
[Black "Iljushina, Olga"]
[Result "1-0"]
[WhiteElo "2373"]
[BlackElo "2054"]
[PlyCount "75"]
[EventDate "2022.01.18"]
[EventType "swiss (blitz)"]
[EventRounds "11"]
[EventCountry "USA"]
[SourceTitle "CBM 206 Extra"]
[Source "ChessBase"]
[SourceDate "2022.03.31"]
[SourceVersion "1"]
[SourceVersionDate "2022.03.31"]
[SourceQuality "1"]

1. Nf3 c5 2. g3 Nc6 3. Bg2 e5 4. 0-0 g6 5. c4 Bg7 6. Nc3 Nge7 7. a3 0-0 8. d3 d6 9. Rb1 f5 10. Ne1 a5 11. Bg5 h6 12. Bxe7 Nxe7 13. Nc2 Rb8 14. b4 axb4 15. axb4 e4 16. Nb5 Be6 17. dxe4 Bxc4 18. Nxd6 Bxe2 19. Qxe2 Qxd6 20. Qc4+ Kh7 21. bxc5 Qc7 22. Ne3 f4 23. Nd5 Nxd5 24. exd5 Rbc8 25. Rfc1 fxg3 26. hxg3 Qf7 27. Rc2 Be5 28. Qe2 Bd4 29. d6 Bxc5 30. Rxb7 Bxf2+ 31. Qxf2 Qxb7 32. Bxb7 Rxf2 33. Rxc8 Rd2 34. Rc7+ Kg8 35. d7 Kf8 36. Bc6 Ke7 37. Rc8 g5 38. Re8+ 1-0

[Event "Titled Tuesday intern op 11th Jan"]
[Site "Chess.com INT"]
[Date "2022.01.11"]
[Round "3"]
[White "Iljushina, Olga"]
[Black "Begunov, Konstantin"]
[Result "0-1"]
[WhiteElo "2054"]
[BlackElo "2325"]
[PlyCount "106"]
[EventDate "2022.01.11"]
[EventType "swiss (blitz)"]
[EventRounds "11"]
[EventCountry "USA"]
[SourceTitle "CBM 206 Extra"]
[Source "ChessBase"]
[SourceDate "2022.03.31"]
[SourceVersion "1"]
[SourceVersionDate "2022.03.31"]
[SourceQuality "1"]

1. d4 d5 2. c4 c6 3. Nf3 Nf6 4. Nc3 dxc4 5. e3 b5 6. a4 b4 7. Na2 a5 8. Bxc4 Ba6 9. Qe2 Bxc4 10. Qxc4 Qd5 11. Qxd5 cxd5 12. Bd2 e6 13. 0-0 Bd6 14. Nc1 Kd7 15. Nb3 Nc6 16. Rfc1 Rhc8 17. Nc5+ Bxc5 18. dxc5 e5 19. Nh4 Ke6 20. h3 Ne4 21. Be1 d4 22. f3 Nf6 23. e4 Ne7 24. g4 g6 25. Rc4 Ra6 26. Rac1 Rac6 27. Bf2 Nd7 28. f4 Rxc5 29. Rxc5 Rxc5 30. Rxc5 Nxc5 31. fxe5 Kxe5 32. Nf3+ Kxe4 33. Nxd4 Nxa4 34. Nb3 Nc6 35. Kg2 Nxb2 36. Nc5+ Kd5 37. Kf3 a4 38. Ke2 a3 39. Kd2 Nc4+ 40. Kc2 Nd4+ 41. Bxd4 Kxd4 42. Nb3+ Ke3 43. Nc1 Na5 44. Kb1 b3 45. h4 Kf4 46. h5 Kxg4 47. hxg6 fxg6 48. Nd3 h5 49. Ne5+ Kf5 50. Nf3 g5 51. Nd4+ Ke4 52. Ne6 g4 53. Nc5+ Ke3 0-1

[Event "Titled Tuesday intern op 11th Jan"]
[Site "Chess.com INT"]
[Date "2022.01.11"]
[Round "8"]
[White "Iljushina, Olga"]
[Black "Chincholimath, Halsagar"]
[Result "1-0"]
[WhiteElo "2054"]
[BlackElo "1754"]
[PlyCount "65"]
[EventDate "2022.01.11"]
[EventType "swiss (blitz)"]
[EventRounds "11"]
[EventCountry "USA"]
[SourceTitle "CBM 206 Extra"]
[Source "ChessBase"]
[SourceDate "2022.03.31"]
[SourceVersion "1"]
[SourceVersionDate "2022.03.31"]
[SourceQuality "1"]

1. d4 d5 2. c4 c6 3. Nf3 Nf6 4. cxd5 cxd5 5. Nc3 Nc6 6. Bf4 a6 7. e3 g6 8. Bd3 Bg7 9. 0-0 0-0 10. Rc1 Bf5 11. Ne5 e6 12. Nxc6 bxc6 13. Bxf5 gxf5 14. Na4 Rc8 15. Rc5 Ne4 16. Rc2 Qa5 17. b3 c5 18. f3 Nf6 19. Rxc5 Rxc5 20. Nxc5 Qxa2 21. Qd3 Rc8 22. Qxa6 Qxa6 23. Nxa6 Rc3 24. Rb1 Nh5 25. Bd6 Rxe3 26. Bc5 Nf4 27. b4 Re2 28. b5 Rxg2+ 29. Kh1 Rg6 30. Rg1 Nd3 31. Rxg6 fxg6 32. b6 Bxd4 33. Bxd4 1-0

[Event "Titled Tuesday intern op 11th Jan"]
[Site "Chess.com INT"]
[Date "2022.01.11"]
[Round "2"]
[White "Tarlabasi, Emirhan"]
[Black "Iljushina, Olga"]
[Result "1-0"]
[WhiteElo "2301"]
[BlackElo "2054"]
[PlyCount "69"]
[EventDate "2022.01.11"]
[EventType "swiss (blitz)"]
[EventRounds "11"]
[EventCountry "USA"]
[SourceTitle "CBM 206 Extra"]
[Source "ChessBase"]
[SourceDate "2022.03.31"]
[SourceVersion "1"]
[SourceVersionDate "2022.03.31"]
[SourceQuality "1"]

1. e4 e5 2. Nf3 Nc6 3. Bb5 a6 4. Ba4 Nf6 5. 0-0 Be7 6. Re1 b5 7. Bb3 0-0 8. a4 b4 9. c3 bxc3 10. bxc3 Rb8 11. Bc2 d5 12. exd5 Qxd5 13. d4 exd4 14. Nxd4 Bb7 15. Bb3 Qc5 16. Ba3 Qg5 17. Nf3 Qh5 18. Bxe7 Nxe7 19. Rxe7 Bxf3 20. gxf3 Rfd8 21. Qc2 Qxf3 22. Nd2 Qg4+ 23. Kh1 h5 24. Rg1 Rxd2 25. Qxd2 Qf3+ 26. Rg2 Rxb3 27. Re1 Rxc3 28. Kg1 Kh7 29. Qg5 Ng4 30. h3 Qxh3 31. Qf5+ g6 32. Qxf7+ Kh6 33. Qf4+ Kh7 34. Re7+ Kh8 35. Qf8# 1-0

[Event "Titled Tuesday intern op 04th Jan"]
[Site "Chess.com INT"]
[Date "2022.01.04"]
[Round "6"]
[White "Hamley, Ryan"]
[Black "Iljushina, Olga"]
[Result "1/2-1/2"]
[WhiteElo "2077"]
[BlackElo "2054"]
[PlyCount "172"]
[EventDate "2022.01.04"]
[EventType "swiss (blitz)"]
[EventRounds "11"]
[EventCountry "USA"]
[SourceTitle "EXT 2023"]
[Source "ChessBase"]
[SourceDate "2022.10.05"]
[SourceVersion "1"]
[SourceVersionDate "2022.10.05"]
[SourceQuality "1"]

1. d4 Nf6 2. c4 e6 3. Nf3 Bb4+ 4. Bd2 Qe7 5. a3 Bxd2+ 6. Qxd2 d6 7. Nc3 0-0 8. e4 e5 9. dxe5 dxe5 10. Be2 c6 11. 0-0 Bg4 12. b4 Rd8 13. Qe3 Nbd7 14. Rad1 Nf8 15. Na4 Bxf3 16. Bxf3 Ne6 17. Nc5 Nd4 18. h3 b6 19. Nd3 a5 20. c5 axb4 21. axb4 bxc5 22. Nxc5 Rab8 23. Rb1 Nc2 24. Qc3 Nd4 25. Rfd1 Nxf3+ 26. Qxf3 Rxd1+ 27. Qxd1 Rd8 28. Qa4 Qd6 29. Nb7 Qd3 30. Re1 Rc8 31. Nc5 Qb5 32. Qxb5 cxb5 33. Ra1 Rd8 34. Ra5 Rb8 35. f3 g6 36. Kf2 Kg7 37. Ra7 Rc8 38. Rb7 Ne8 39. Rxb5 Nd6 40. Rb6 Nc4 41. Rb7 Nd6 42. Rd7 Nc4 43. Ke2 Rb8 44. Nd3 Kf6 45. Rc7 Na3 46. Rc6+ Ke7 47. Kd2 Rd8 48. Ke3 Nb5 49. Nxe5 f6 50. Nd3 Rd7 51. Rc5 Nd4 52. Rd5 Rxd5 53. exd5 Nf5+ 54. Ke4 Kd6 55. Nf4 Ng3+ 56. Kd4 Nf5+ 57. Kc4 Ne3+ 58. Kd3 Nf5 59. g4 Ne7 60. Ke4 g5 61. Nh5 Nxd5 62. Kf5 Nxb4 63. Nxf6 h6 64. Kg6 Ke6 65. Ne4 Nd3 66. Kxh6 Nf4 67. Kxg5 Nxh3+ 68. Kh4 Ng1 69. Kg3 Ke5 70. Nf2 Ne2+ 71. Kg2 Nf4+ 72. Kf1 Kf6 73. Ne4+ Ke5 74. Kf2 Nd3+ 75. Ke3 Nf4 76. Nf2 Ng2+ 77. Ke2 Nh4 78. Nd3+ Kd4 79. Nb4 Ke5 80. Kf2 Kf4 81. Nd3+ Kg5 82. Kg3 Ng6 83. f4+ Kf6 84. f5 Ne7 85. Nf4 Nxf5+ 86. gxf5 Kxf5 1/2-1/2

[Event "Titled Tuesday intern op 04th Jan"]
[Site "Chess.com INT"]
[Date "2022.01.04"]
[Round "5"]
[White "Iljushina, Olga"]
[Black "Sihite, Chelsie Monica"]
[Result "1/2-1/2"]
[WhiteElo "2054"]
[BlackElo "2252"]
[PlyCount "143"]
[EventDate "2022.01.04"]
[EventType "swiss (blitz)"]
[EventRounds "11"]
[EventCountry "USA"]
[SourceTitle "EXT 2023"]
[Source "ChessBase"]
[SourceDate "2022.10.05"]
[SourceVersion "1"]
[SourceVersionDate "2022.10.05"]
[SourceQuality "1"]

1. d4 b6 2. Nf3 g6 3. Bf4 Bg7 4. e3 Bb7 5. Bd3 Nf6 6. Nbd2 0-0 7. 0-0 d6 8. h3 Nbd7 9. c4 e5 10. Bg5 h6 11. Bxf6 Qxf6 12. Be4 c6 13. d5 cxd5 14. Bxd5 Bxd5 15. cxd5 Qe7 16. Rc1 e4 17. Nd4 Nc5 18. Nc6 Qe8 19. Nc4 Nd3 20. Nxd6 Qd7 21. Nxe4 Nxc1 22. Qxc1 Kh8 23. Rd1 Rac8 24. b4 a6 25. a4 f5 26. Ng3 b5 27. axb5 axb5 28. Qc5 f4 29. Ne4 f3 30. Qe7 Qf5 31. Nd6 Qc2 32. Rf1 fxg2 33. Kxg2 Rxc6 34. dxc6 Qxc6+ 35. f3 Ra8 36. Rf2 Qd5 37. Nf7+ Kh7 38. e4 Qd1 39. e5 Ra1 40. Kg3 Qg1+ 41. Rg2 Qe1+ 42. Kh2 Qh1+ 43. Kg3 Rg1 44. Rxg1 Qxg1+ 45. Kf4 Qc1+ 46. Ke4 Qc4+ 47. Ke3 Qc3+ 48. Kf2 Qd2+ 49. Kg3 Qe1+ 50. Kg2 Qe2+ 51. Kg3 g5 52. Qe6 Qe1+ 53. Kg2 Qd2+ 54. Kg3 Qf4+ 55. Kg2 Qxb4 56. Qf5+ Kg8 57. Nd6 Qb2+ 58. Kf1 Qxe5 59. Qxe5 Bxe5 60. Nxb5 Kf7 61. Kg2 Ke6 62. Na3 Kd5 63. Nc2 Bf4 64. Ne1 Kc4 65. Kf2 Kc3 66. Ng2 Kd3 67. h4 Bc1 68. hxg5 hxg5 69. f4 Bxf4 70. Nxf4+ gxf4 71. Kf3 Kd4 72. Kxf4 1/2-1/2

[Event "Titled Tuesday intern op 04th Jan"]
[Site "Chess.com INT"]
[Date "2022.01.04"]
[Round "2"]
[White "Iljushina, Olga"]
[Black "Vovk, Orest"]
[Result "0-1"]
[WhiteElo "2054"]
[BlackElo "2315"]
[PlyCount "48"]
[EventDate "2022.01.04"]
[EventType "swiss (blitz)"]
[EventRounds "11"]
[EventCountry "USA"]
[SourceTitle "EXT 2023"]
[Source "ChessBase"]
[SourceDate "2022.10.05"]
[SourceVersion "1"]
[SourceVersionDate "2022.10.05"]
[SourceQuality "1"]

1. d4 e5 2. dxe5 Nc6 3. Nf3 Qe7 4. Bf4 Qb4+ 5. Bd2 Qxb2 6. Bc3 Bb4 7. Bxb4 Nxb4 8. Na3 Qxa3 9. e3 Qc3+ 10. Ke2 Qxc2+ 11. Qxc2 Nxc2 12. Rb1 Na3 13. Rb3 Nc4 14. Kd3 Nb6 15. Ke4 Ne7 16. Be2 d5+ 17. exd6 cxd6 18. a4 0-0 19. a5 Na4 20. Ra3 Nc5+ 21. Kf4 Ng6+ 22. Kg5 Ne4+ 23. Kh5 Nxf2 24. Rc1 Bg4+ 0-1

[Event "Titled Tuesday intern op 28th Dec"]
[Site "Chess.com INT"]
[Date "2021.12.28"]
[Round "3"]
[White "Iljushina, Olga"]
[Black "Aggelis, Nikolaos"]
[Result "0-1"]
[WhiteElo "2054"]
[BlackElo "2284"]
[PlyCount "112"]
[EventDate "2021.12.28"]
[EventType "swiss (blitz)"]
[EventRounds "11"]
[EventCountry "USA"]
[SourceTitle "CBM 206 Extra"]
[Source "ChessBase"]
[SourceDate "2022.03.31"]
[SourceVersion "1"]
[SourceVersionDate "2022.03.31"]
[SourceQuality "1"]

1. d4 Nf6 2. c4 g6 3. Nc3 d5 4. Bg5 Bg7 5. e3 0-0 6. Nf3 dxc4 7. Bxc4 c5 8. 0-0 cxd4 9. Nxd4 a6 10. a3 b5 11. Ba2 Bb7 12. Qe2 Qb6 13. Rfd1 Nc6 14. Rac1 Nxd4 15. Rxd4 Rac8 16. Rcd1 Rfd8 17. Rxd8+ Rxd8 18. Rxd8+ Qxd8 19. Qd1 Qxd1+ 20. Nxd1 e6 21. f3 Nd5 22. e4 Nb6 23. Kf2 Na4 24. b4 Nb2 25. Ne3 Nd3+ 26. Kf1 Bb2 27. Nc2 Kg7 28. Ke2 Nc1+ 29. Bxc1 Bxc1 30. Kd3 Kf6 31. Bb3 Ke5 32. g3 g5 33. a4 Bc6 34. Nd4 Bd7 35. axb5 axb5 36. Ne2 Bb2 37. f4+ gxf4 38. gxf4+ Kd6 39. e5+ Kc6 40. f5 Bxe5 41. fxe6 Bxe6 42. Bxe6 fxe6 43. h3 Kd5 44. Nc1 Bd6 45. Kc3 Ke4 46. Nd3 Kf3 47. Nc5 e5 48. Nb7 Be7 49. Nc5 e4 50. Kd4 e3 51. Nd3 e2 52. Ne5+ Kf2 53. Nd3+ Kf1 54. Ke5 Bxb4 55. Nxb4 e1Q+ 56. Kf5 Qxb4 0-1